Bottom-up marketing

Bibliographic Details
Main Author: Ries, Al
Other Authors: Trout, Jack
Format: Book
Published: New York : McGraw-Hill , 1989
Subjects:

MARC

LEADER 00000cam a2200000 7i4500
001 0000002436
002 000002656
005 20000330.0
020 |a 0071008950 
090 0 0 |a 658.8   |b RIE 
100 1 |a Ries, Al 
245 1 0 |a Bottom-up marketing   |c Al Ries and Jack Trout 
260 |a New York :   |b McGraw-Hill ,   |c 1989 
300 |a 226p. ;   |c 20cm. 
650 0 0 |a Marketing 
700 1 |a Trout, Jack 
999 |a 035829   |b BUKU   |c PINJAMAN   |e PERPUSTAKAAN KOMUNITI PETALING JAYA